00351 2200145 4500001002100000005001500021035002000036245005000056100001200106300001100118260003000129082000800159084001400167990002400181INLIS00000000000224020250527020620 a0010-05250005321 aFotografi Sebagai Usaha Alternatif /cPracoyo0 aPracoyo a60 hlm bMusi Perkasa Utama,c2005 a700 a700 PRA f a0713159 s/d 0713160